| 000 | 00469nam a2200181 a 4500 | ||
|---|---|---|---|
| 001 | 865 | ||
| 003 | CDMR | ||
| 005 | 20130522135433.0 | ||
| 008 | 130130s1977||||||||||||||||||||||||||||d | ||
| 040 |
_aCDMR _bcat _cCDMR |
||
| 100 | 1 |
_aSolà i Dachs, Lluís _9555 |
|
| 245 | 1 | 3 |
_aEl Be negre i els seus homes _c Lluís Solà i Dachs |
| 250 | _aEd. facsímil | ||
| 260 |
_aBarcelona _c1977 _bEdhasa |
||
| 300 | _a2 v. | ||
| 610 | 2 |
_92613 _aEl Be Negre (Revista) |
|
| 942 |
_cMON _2ddc |
||
| 999 |
_c865 _d865 |
||